00000000nam##2200000za#4500
0019.598969
003CaOODSP
00520210624204830
007cr |||||||||||
008150406|1998||||xxc|||||o    f|0| 0 fre|d
040 |aCaOODSP|bfre
043 |an-cn---
0861 |aBT31-2/1999-III-30F-PDF
1101 |aCanada. |bConseil du trésor.
24510|aConseil de recherches médicales du Canada, rapport sur les plans et les priorités pour l'exercice financier 1998-1999 |h[ressource électronique]
260 |bSecrétariat du Conseil du Trésor du Canada |c[1998].
300 |a44p.|bgraphiques, organigrammes, tableaux
4901 |aBudget des dépenses 1998-1999. Partie III, Rapport sur les plans et les priorités |v1998-1999
590 |a10-09-Supp|b2010-11-02
77508|tMedical Research Council of Canada, report on plans and priorities for fiscal year 1998-99 |w(CaOODSP)9.567639
7760#|tMedical Research Council of Canada |w(CaOODSP)9.530316
7760#|tConseil de recherches médicales du Canada |w(CaOODSP)9.530317
830#0|aBudget des dépenses 1998-1999. Partie III, Rapport sur les plans et les priorités ;|v1998-1999|w(CaOODSP)9.502118
85640|ahttp://publications.gc.ca|qPDF|s157 Ko|uhttps://publications.gc.ca/collections/Collection/BT31-2-1999-III-30F.pdf|y1998-1999